| 000 | 01447cam a2200313 a 4500 | ||
|---|---|---|---|
| 999 |
_c126679 _d126679 |
||
| 001 | 12979803 | ||
| 003 | ARRUPE | ||
| 005 | 20170822081732.0 | ||
| 008 | 021024s2003 nyu b 001 0 eng | ||
| 010 | _a 2002036840 | ||
| 020 | _a0375501568 (alk. paper) | ||
| 040 |
_aDLC _cDLC _dDLC |
||
| 042 | _apcc | ||
| 050 | 0 | 0 |
_aBS2860.T52 _bP34 2003 |
| 082 | 0 | 0 |
_a229/.8 _221 |
| 100 | 1 |
_aPagels, Elaine H., _d1943- _934835 |
|
| 245 | 1 | 0 |
_aBeyond belief : _bthe secret Gospel of Thomas / _cElaine Pagels. |
| 250 | _a1st ed. | ||
| 260 |
_aNew York : _bRandom House, _cc2003. |
||
| 300 |
_a241 p. ; _c22 cm. |
||
| 504 | _aIncludes bibliographical references and index. | ||
| 630 | 0 | 0 |
_aGospel of Thomas (Coptic Gospel) _xCriticism, interpretation, etc. _934836 |
| 630 | 0 | 0 |
_aBible. _pJohn _xCriticism, interpretation, etc. _934837 |
| 650 | 0 |
_aChristianity _xEssence, genius, nature. _911278 |
|
| 906 |
_a7 _bcbc _corignew _d1 _eocip _f20 _gy-gencatlg |
||
| 942 |
_2lcc _cMONOGRAPH |
||